000 005760000a22001810004500
003 MACL
005 20160331164625.0
008 160331b xxu||||| |||| 00| 0 eng d
040 _aMACL
_cMACL
041 _aHindi
082 _a333
100 _aशर्मा राज कुमार
_949434
245 _aपर्यावरण समस्‍या और समाधान
260 _aनई दिल्‍ली
_bकल्‍पना प्रकाशन
_c2010
350 _a695
650 _aपर्यावरण
_936465
942 _cHIN
_k333
_2ddc
999 _c46558
_d46558